01078nam a2200241 a 450000100100000000500170001000800410002704000250006808200170009310000420011024500890015226000370024130000360027859000270031465000250034165000260036665000240039291000370041695201300045395201150058395201210069899900170081900004320720250428130105.0140225s200u dr c 000 0 spa d aDO-SdBNPbspacBNPHU a248.4bS232u1 aSantana Alburquerque, Ezequiel97079614aUna iglesia primitiva en la República Dominicana /cEzequiel Santana Alburquerque. a[Santo Domingo :bs.n.,c20--?]. a210 p. :bil., retrs. ;c21 cm. aInventariado, 2018/ YL 0aProtestantismo94373 4aEvangelización9476 0aVida cristiana9668 aValidado. Control de calidad EMS 001054708DSaGRbGRcHDd2014-02-25iLF1l0o248.4 S232up43207-30r2020-06-25te. 3w2020-06-25yLFDSZPréstamo en sala 0010718PDaPDbPDcHDd2014-02-25iLF1l0o248.4 S232up43207-10r2020-06-25w2020-06-25yLFPDZNo se presta 0010718PDaPDbPDcHDd2014-02-25iLF1l0o248.4 S232up43207-20r2020-06-25te. 2w2020-06-25yLFPDZNo se presta c42696d42696